Normal view MARC view
  • Fry, Ronald W.,

Entry Nombre Personal

Number of records used in: 8

001 - NUMERO DE CONTROL

  • campo de control: 31847

003 - IDENTIFICADOR DE NUMERO DE CONTROL

  • campo de control: UPN

005 - FECHA Y HORA DE LA ÜLTIMA TRANSACCIÓN

  • campo de control: 20221122125134.0

008 - DATOS DE LONGITUD FIJA

  • campo de control de longitud fija: nabaccnnaabn|||||||||| b |nc|||||d

035 ## - NUMERO DE CONTROL

  • Número de control: UPN11000003953

040 ## - FUENTE DE CATALOGACIÓN

  • Lenguaje de catalogación: spa
  • Agencia de transcripción: MX-MxUPN
  • Agencia original de catalogación: MX-MxUPN

100 1# - ENCABEZAMIENTO - NOMBRE PERSONAL

  • Nombre personal: Fry, Ronald W.,
  • Fechas asociadas con el nombre: 1949-

400 1# - VEÁSE - NOMBRE DE PERSONA

  • Personal name: Fry, Ronald William,
  • Dates associated with a name: 1949-

400 1# - VEÁSE - NOMBRE DE PERSONA

  • Personal name: Fry, Ron,
  • Dates associated with a name: 1949-

670 ## - FUENTE EN LA QUE SE LOCALIZARON DATOS

  • Cita de la fuente: LC/P

670 ## - FUENTE EN LA QUE SE LOCALIZARON DATOS

  • Cita de la fuente: Internships, 1988:
  • Información localizada: portada (Ronald W. Fry)

670 ## - FUENTE EN LA QUE SE LOCALIZARON DATOS

  • Cita de la fuente: En su obra: Your first resume, c1992:
  • Información localizada: CIP portada (Ron Fry) hoja de datos (b. 10-20-49)

670 ## - FUENTE EN LA QUE SE LOCALIZARON DATOS

  • Cita de la fuente: En el sitio web Enciclopedia.com, consultado Noviembre 22, 2022:
  • Información localizada: (FRY, Ronald W(illiam) 1949-)

902 ## - CATALOGADOR

  • Catalogador: CAA/160212

902 ## - CATALOGADOR

  • Catalogador: NDAF/221122